000 00547cam a2200217 a 4500
001 3811075
005 20180312081652.0
008 850422s1984 onc b 001 0 eng
010 _a 85145990
020 _a0802065813 (pbk.)
040 _aDLC
_cDLC
_dDLC
041 _aeng
043 _an-cn---
080 _a011.02 IBM
082 0 0 _a011.02 IBM
_219
100 _a28
101 _aSHK
245 0 0 _aGuide to basic reference materials for Canadian libraries.
906 _a7
_bcbc
_corignew
_d3
_encip
_f19
_gy-gencatlg
942 _2ddc
_cBK
999 _c44739
_d44739